[Event "N4 Rodez-Colomiers"]
[Site "Rodez"]
[Date "2006.02.05"]
[Round "5"]
[White "Artis, François"]
[Black "Nghiem, Luat"]
[Result "0-1"]
[WhiteElo "1770"]
[BlackElo "2040"]
[EventDate "2006.??.??"]
[PlyCount "104"]

1.e4 c6 2.d4 d5 3.exd5 cxd5 4.Bd3 Nc6 5.c3 Nf6 6.Bf4 g6 7.Nd2 Bg7 8.h3 O-O
9.Ngf3 Nd7 10.Qb3 e5 11.Bg5 Qa5 12.Bb5 exd4 13.cxd4 Re8+ 14.Be3 Nxd4 15.
Nxd4 Bxd4 16.Rc1 Bxe3 17.fxe3 a6 18.Bxd7 Bxd7 19.Rc3 Bb5 20.Kf2 d4 21.Nc4 
Bxc4 22.Rxc4 Qd2+ 23.Kg1 Rxe3 24.Qc2 Qxc2 25.Rxc2 d3 26.Rd2 Rae8 27.Kh2 
Re2 28.Rhd1 Rxd2 29.Rxd2 Re2 30.Rxd3 Rxb2 31.a3 b5 32.Rd6 a5 33.Ra6 a4 34.
Rb6 Rb3 35.h4 Kg7 36.g3 Kh6 37.Rb7 f5 38.Kg2 Rxa3 39.Rxb5 Rb3 40.Ra5 a3 
41.Kh3 Kh5 42.Ra7 h6 43.Ra5 Re3 44.Ra6 g5 45.Ra4 f4 46.hxg5 Rxg3+ 47.Kh2 
hxg5 48.Ra5 Kg4 49.Ra4 Re3 50.Ra6 Re2+ 51.Kg1 a2 52.Kf1 Rb2 0-1

[Event "N4 Rodez-Colomiers"]
[Site "Rodez"]
[Date "2006.02.05"]
[Round "5"]
[White "Alladaye, René"]
[Black "De Biasi, Robert"]
[Result "1-0"]
[WhiteElo "1800"]
[BlackElo "1849"]
[EventDate "2006.??.??"]
[PlyCount "49"]

1.Nf3 Nf6 2.d3 d5 3.g3 b6 4.Bg2 Bb7 5.Nbd2 e6 6.O-O Be7 7.Qe1 Nbd7 8.e4 
dxe4 9.dxe4 O-O 10.e5 Nd5 11.c3 Rb8 12.Qe2 Qc8 13.Rd1 f5 14.exf6 Rxf6 15.
Ne4 Rg6 16.h4 Nc5 17.h5 Rg4 18.Nfg5 e5 19.f3 Nxe4 20.fxg4 Nxg5 21.Bxg5 Qe6
22.Bxe7 Nxe7 23.Bxb7 Rxb7 24.Rd8+ Kf7 25.Qf3+ 1-0

[Event "N4-R6-Auch-Condom"]
[Site "?"]
[Date "2006.03.12"]
[Round "6"]
[White "Dargagnon, Rémi"]
[Black "Pokee, Anne-Josèphe"]
[Result "1-0"]
[WhiteElo "2071"]
[BlackElo "2021"]
[EventDate "2006.??.??"]
[PlyCount "71"]
[WhiteTeam "Auch"]
[BlackTeam "Condom"]

1.Nf3 d5 2.c4 Bf5 3.Qa4+ c6 4.cxd5 b5 5.Qf4 Bxb1 6.Rxb1 Qxd5 7.b3 Nf6 8.
Bb2 Nbd7 9.d3 e6 10.e4 Qd6 11.Qxd6 Bxd6 12.g3 Bb4+ 13.Ke2 a6 14.Bg2 O-O 
15.Rbc1 c5 16.a3 Ba5 17.d4 Bb6 18.Rhd1 Rac8 19.Ne5 cxd4 20.Nc6 Rce8 21.
Bxd4 Bxd4 22.Rxd4 Nb8 23.Nxb8 Rxb8 24.e5 Ne8 25.Rc6 a5 26.Ra6 b4 27.axb4 
axb4 28.Rd7 g6 29.Raa7 Ng7 30.Rdb7 Nf5 31.Be4 Rxb7 32.Bxb7 Rb8 33.Kd3 Kf8 
34.Kc4 Ne7 35.Kc5 Ke8 36.Bc6+ 1-0

[Event "N4-R6- Auch-Condom"]
[Site "?"]
[Date "2006.03.12"]
[Round "6"]
[White "Thet, Sylvain"]
[Black "Join, Etienne"]
[Result "1-0"]
[WhiteElo "1950"]
[BlackElo "1810"]
[EventDate "2006.??.??"]
[PlyCount "69"]
[WhiteTeam "Auch"]
[BlackTeam "Condom"]

1.d4 d5 2.c4 e6 3.cxd5 exd5 4.Nc3 Nf6 5.Bg5 Bb4 6.Qc2 h6 7.Bh4 Nc6 8.e3 g5
9.Bg3 Ne4 10.Bd3 Bf5 11.Ne2 Qe7 12.O-O-O Bxc3 13.Nxc3 Nxg3 14.hxg3 Bxd3 
15.Qxd3 Nb4 16.Qb5+ c6 17.Qa4 a5 18.a3 b5 19.Nxb5 Na2+ 20.Kb1 Rb8 21.Qxa5 
O-O 22.Nc7 Nc3+ 23.Qxc3 Qxc7 24.Rxh6 Qe7 25.Qd3 f5 26.Rdh1 Qe4 27.Qxe4 
dxe4 28.Rg6+ Kf7 29.Rxc6 Kg7 30.Rhc1 Rf6 31.Rxf6 Kxf6 32.Rc7 Ke6 33.f4 
exf3 34.gxf3 Kd6 35.Rc5 1-0

[Event "N4-R6- Auch-Condom"]
[Site "?"]
[Date "2006.03.12"]
[Round "6"]
[White "Rouede, Gilbert"]
[Black "Beaurain, Louis"]
[Result "1-0"]
[WhiteElo "1822"]
[BlackElo "2000"]
[EventDate "2006.??.??"]
[PlyCount "107"]
[WhiteTeam "Auch"]
[BlackTeam "Condom"]

1.e4 e6 2.d4 d5 3.e5 c5 4.c3 Bd7 5.Nf3 Qb6 6.a3 cxd4 7.cxd4 Bb5 8.Bd3 Bxd3
9.Qxd3 Qa6 10.Ke2 Qxd3+ 11.Kxd3 Ne7 12.Nc3 a6 13.Bg5 Nec6 14.b4 b5 15.Rhc1
h6 16.Be3 Kd7 17.Nd2 Be7 18.Nb3 Rc8 19.Bd2 Ra7 20.f4 Ke8 21.Ne2 Nd7 22.Nc5
Nxc5+ 23.dxc5 g6 24.Nd4 Kd7 25.a4 Rcc7 26.Rc2 Nxd4 27.Kxd4 Kc6 28.Rca2 
bxa4 29.Rxa4 Kb7 30.Be3 Rc6 31.Kd3 a5 32.b5 Rxc5 33.Bxc5 Bxc5 34.Rxa5 Bb6 
35.Rxa7+ Bxa7 36.Ra6 Bg1 37.h3 Bh2 38.Ke3 h5 39.Kf3 Bg1 40.g4 hxg4+ 41.
hxg4 Bd4 42.Rd6 Kc7 43.Rc6+ Kb7 44.Ke2 Bg1 45.Rc1 Bd4 46.Rh1 f6 47.exf6 
Bxf6 48.Rh6 Bb2 49.Rxg6 Kb6 50.Rxe6+ Kxb5 51.f5 Kc4 52.f6 Ba3 53.f7 Bf8 
54.Re8 1-0

[Event "N4-R6- Auch-Condom"]
[Site "?"]
[Date "2006.03.12"]
[Round "6"]
[White "Pagnoncelli, Hervé"]
[Black "Blondelon, Paul"]
[Result "1-0"]
[WhiteElo "1790"]
[BlackElo "1440"]
[EventDate "2006.??.??"]
[PlyCount "57"]
[WhiteTeam "Auch"]
[BlackTeam "Condom"]

1.d4 Nf6 2.c4 g6 3.Nc3 Bg7 4.e4 d6 5.f4 O-O 6.Nf3 c5 7.d5 e5 8.fxe5 dxe5 
9.Be2 Ne8 10.O-O Nd6 11.Be3 b6 12.Qd2 f5 13.Bg5 Qe8 14.Bd3 f4 15.Bh4 h6 
16.Bf2 g5 17.a3 Nd7 18.b4 Ba6 19.Qe2 Bf6 20.Rac1 Rc8 21.Nd2 Qe7 22.Rc2 Rf7
23.Rfc1 Rg7 24.Nb5 Bxb5 25.cxb5 g4 26.bxc5 f3 27.Qf1 bxc5 28.Bxc5 Nxc5 29.
Rxc5 {Temps} 1-0

[Event "N4-R6- Auch-Condom"]
[Site "?"]
[Date "2006.03.12"]
[Round "6"]
[White "Goloc, Nadil"]
[Black "Baumann, Benjamin"]
[Result "1/2-1/2"]
[WhiteElo "1990"]
[BlackElo "2007"]
[EventDate "2006.??.??"]
[PlyCount "25"]
[WhiteTeam "Auch"]
[BlackTeam "Condom"]

1.d4 Nf6 2.c4 c5 3.d5 e5 4.Nc3 d6 5.e4 Be7 6.Be3 Nbd7 7.b3 h5 8.Qd2 Nf8 9.
Bd3 Ng6 10.g3 Bd7 11.f4 exf4 12.gxf4 Nh4 13.Qf2 1/2-1/2

[Event "N4-R6- Auch-Condom"]
[Site "?"]
[Date "2006.03.12"]
[Round "6"]
[White "Bougoin, Blaise"]
[Black "Calatrava, Julian"]
[Result "0-1"]
[WhiteElo "1580"]
[BlackElo "1910"]
[EventDate "2006.??.??"]
[PlyCount "62"]
[WhiteTeam "Auch"]
[BlackTeam "Condom"]

1.d4 Nf6 2.c4 b6 3.Nc3 Bb7 4.d5 g6 5.g3 Bg7 6.e4 d6 7.Bg2 Nbd7 8.Be3 O-O 
9.f3 Ne5 10.b3 e6 11.Rb1 exd5 12.cxd5 Ba6 13.Bf1 Bxf1 14.Kxf1 Qc8 15.Kg2 
Nh5 16.Nge2 f5 17.Rf1 fxe4 18.fxe4 Qd7 19.Qd2 Ng4 20.h3 Nxe3+ 21.Qxe3 Be5 
22.Nf4 Nxf4+ 23.gxf4 Bg7 24.Rbd1 Qe7 25.Rde1 Rf7 26.f5 Raf8 27.Nb5 Be5 28.
fxg6 hxg6 29.Rxf7 Qxf7 30.Qe2 Qf4 31.Kg1 Qg3+ 0-1

[Event "N4-R6- Auch-Condom"]
[Site "?"]
[Date "2006.03.12"]
[Round "6"]
[White "Aspinall, John"]
[Black "Devecchi, Jorge"]
[Result "1-0"]
[WhiteElo "1900"]
[BlackElo "1630"]
[EventDate "2006.??.??"]
[PlyCount "70"]
[WhiteTeam "Auch"]
[BlackTeam "Condom"]

1.d3 e5 2.Nf3 Nc6 3.e4 Bc5 4.c3 d6 5.Be2 Nge7 6.Nbd2 O-O 7.O-O f5 8.exf5 
Bxf5 9.Ne4 Bxe4 10.dxe4 Ng6 11.Ng5 Qf6 12.Bc4+ Kh8 13.Ne6 Bxf2+ 14.Kh1 Qh4
15.Bg5 Qxe4 16.Bd3 Qd5 17.Nxc7 Qc5 18.Nxa8 Rxa8 19.Bxg6 hxg6 20.Qf3 e4 21.
Qh3+ Kg8 22.Qe6+ Kh8 23.Qxe4 Qxg5 24.Rxf2 d5 25.Qf4 Qe7 26.Raf1 Kg8 27.
Qf7+ Qxf7 28.Rxf7 b6 29.Rd7 d4 30.cxd4 Rd8 31.Rxd8+ Nxd8 32.d5 Nf7 33.Kg1 
Kf8 34.d6 Ke8 35.d7+ Ke7 1-0

[Event "N4-R6- Auch - Condom"]
[Site "?"]
[Date "2006.03.12"]
[Round "6"]
[White "Le Gallen, Luc"]
[Black "Lopez Garcia, Fernando"]
[Result "0-1"]
[WhiteElo "2150"]
[BlackElo "2371"]
[EventDate "2006.??.??"]
[PlyCount "60"]
[WhiteTeam "Auch"]
[BlackTeam "Condom"]

1.d4 Nf6 2.Nf3 e6 3.Bg5 h6 4.Bh4 b6 5.e3 Bb7 6.c4 Bb4+ 7.Nc3 Bxc3+ 8.bxc3 
d6 9.Bxf6 Qxf6 10.Be2 O-O 11.O-O Qe7 12.c5 dxc5 13.Ne5 Nd7 14.Nxd7 Qxd7 
15.dxc5 Qe7 16.cxb6 axb6 17.Bf3 Rfd8 18.Qe2 Bxf3 19.Qxf3 Ra3 20.Rfd1 Rxc3 
21.g3 Rcd3 22.Rxd3 Rxd3 23.Qa8+ Qd8 24.Qxd8+ Rxd8 25.Rc1 Rc8 26.a4 Kf8 27.
a5 b5 28.a6 Ke7 29.a7 Kd7 30.Rxc7+ Kxc7 0-1

[Event "N4 Ste Foy-Cahors"]
[Site "Cahors"]
[Date "2006.05.02"]
[Round "5.8"]
[White "Montreuille, Pierre"]
[Black "Martin de la Moutte, Paul"]
[Result "1/2-1/2"]
[WhiteElo "1540"]
[BlackElo "1490"]
[EventDate "2006.??.??"]
[PlyCount "98"]

1.Nf3 d5 2.b3 Nf6 3.Bb2 Nc6 4.e3 Bg4 5.d4 e6 6.a3 a6 7.Be2 Bxf3 8.Bxf3 Bd6
9.Nd2 O-O 10.O-O e5 11.dxe5 Bxe5 12.Bxe5 Nxe5 13.Rc1 Rb8 14.Qe2 Re8 15.
Rfd1 Qd6 16.b4 Qe6 17.h3 Nxf3+ 18.Qxf3 c6 19.Nb3 Ne4 20.Nd4 Qe5 21.c4 dxc4
22.Rxc4 Qd5 23.Rcc1 Rbd8 24.Nf5 Qe6 25.Qg4 Rxd1+ 26.Rxd1 Qf6 27.f3 Ng5 28.
Rd6 Ne6 29.Rd7 b5 30.Rd6 g6 31.e4 Kh8 32.Nd4 Qe5 33.Rd7 Nxd4 34.Rxf7 Ne2+ 
35.Kf2 Qd4+ 36.Ke1 Qe3 37.Rxh7+ Kxh7 38.Qd7+ Kh6 39.Qxe8 Nf4+ 40.Kd1 Qd3+ 
41.Kc1 Ne2+ 42.Kb2 Qc3+ 43.Ka2 Qc2+ 44.Ka1 Nc3 45.Qh8+ Kg5 46.Qe5+ Kh4 47.
Qf4+ Kh5 48.Qg4+ Kh6 49.Qh4+ Kg7 1/2-1/2

[Event "N4 Ste Foy-Cahors"]
[Site "Cahors"]
[Date "2006.05.02"]
[Round "5.7"]
[White "Lecureux, Yves"]
[Black "Houmeau, Dominique"]
[Result "1-0"]
[WhiteElo "1599"]
[BlackElo "1550"]
[EventDate "2006.??.??"]
[PlyCount "103"]

1.e4 e5 2.Nf3 d6 3.d4 exd4 4.Nxd4 Nf6 5.Nc3 Be7 6.Bd3 Bd7 7.O-O Nc6 8.Bb5 
Ne5 9.Bxd7+ Qxd7 10.Nf5 Bf8 11.Ne3 Be7 12.Ned5 Nxd5 13.Nxd5 O-O 14.b3 Rfe8
15.Bb2 Bf8 16.Re1 c6 17.Nf4 Qc7 18.c4 Rad8 19.Nd3 a6 20.Rc1 Qb8 21.f4 Ng6 
22.Qf3 f6 23.Qg3 Kh8 24.h4 b6 25.h5 Ne7 26.h6 Ng8 27.hxg7+ Bxg7 28.Nf2 Qb7
29.Re3 Qf7 30.Ng4 Qg6 31.Rce1 Nh6 32.Nxh6 Qxh6 33.Qg4 Qg6 34.Qh4 Qh6 35.
Qxh6 Bxh6 36.Bxf6+ Bg7 37.Bxd8 Bd4 38.Bf6+ Bxf6 39.e5 dxe5 40.fxe5 Be7 41.
Kf1 Bc5 42.Rf3 Kg8 43.Re4 Rd8 44.Ke2 Bb4 45.Rg4+ Kh8 46.Rd3 Re8 47.Kf3 h6 
48.Ke4 Re7 49.Rg6 Kh7 50.Rxc6 Bc5 51.Rh3 Rd7 52.Rhxh6+ 1-0

[Event "N4 Ste Foy-Cahors"]
[Site "Cahors"]
[Date "2006.05.02"]
[Round "5.6"]
[White "Delmas, Jean"]
[Black "Misiaszek, Stephan"]
[Result "1/2-1/2"]
[WhiteElo "1580"]
[BlackElo "1610"]
[EventDate "2006.??.??"]
[PlyCount "75"]

1.e4 d6 2.d4 Nf6 3.Nc3 g6 4.f4 Bg7 5.Nf3 c6 6.Be2 b5 7.a3 Bb7 8.O-O a6 9.
Kh1 O-O 10.Be3 Qc7 11.f5 Nbd7 12.Qd2 Rad8 13.Bh6 e5 14.fxe6 fxe6 15.Bxg7 
Kxg7 16.Ng5 Rde8 17.Bf3 e5 18.Rae1 h6 19.Nh3 Nb6 20.b3 Bc8 21.Nf2 Rf7 22.
d5 cxd5 23.Nxd5 Nbxd5 24.exd5 Ref8 25.Ne4 Bf5 26.Nxf6 Rxf6 27.Bd1 Rc8 28.
Rf2 h5 29.Ref1 Rh8 30.Qg5 Kf7 31.Qd2 Qc8 32.Rf3 h4 33.h3 Kg7 34.Qe1 Qa8 
35.Qd2 Rhf8 36.Kh2 Qd8 37.Qe3 Qa8 38.Qd2 1/2-1/2

[Event "N4 Ste Foy-Cahors"]
[Site "Cahors"]
[Date "2006.05.02"]
[Round "5.5"]
[White "Trier, Marc"]
[Black "Rouqual, Guy"]
[Result "1-0"]
[WhiteElo "1650"]
[BlackElo "1660"]
[EventDate "2006.??.??"]
[PlyCount "33"]

1.e4 c6 2.d4 d5 3.Nc3 dxe4 4.Nxe4 Nf6 5.Nxf6+ gxf6 6.Bc4 e5 7.Qh5 Qc7 8.
Be3 Qe7 9.Nf3 exd4 10.O-O-O dxe3 11.Rhe1 Be6 12.Bxe6 Bg7 13.Rxe3 Bh6 14.
Bxf7+ Kf8 15.Qxh6+ Kxf7 16.Rxe7+ Kxe7 17.Qg7+ 1-0

[Event "N4 Ste Foy-Cahors"]
[Site "Cahors"]
[Date "2006.05.02"]
[Round "5.4"]
[White "Nouvel, Denis"]
[Black "Boulogne, Laurent"]
[Result "1-0"]
[WhiteElo "1680"]
[BlackElo "1760"]
[EventDate "2006.??.??"]
[PlyCount "103"]

1.e4 c5 2.c3 d5 3.exd5 Qxd5 4.d4 Nf6 5.Nf3 Bg4 6.Be2 e6 7.O-O Be7 8.Be3 b6
9.c4 Qd8 10.Nc3 cxd4 11.Nxd4 Bxe2 12.Qxe2 Bc5 13.Rad1 Qc8 14.Qf3 Nbd7 15.
Nc6 Bxe3 16.fxe3 a6 17.Ne4 Kf8 18.Rd6 Qc7 19.Rfd1 Qxc6 20.Rxc6 Ne5 21.Qf4 
Nxc6 22.Nxf6 gxf6 23.Qxf6 Rg8 24.Rd7 Rg7 25.Rxf7+ Rxf7 26.Qh8+ Ke7 27.Qxa8
Nb4 28.Qb7+ Kf6 29.Qxb6 Nc2 30.b4 Ke5 31.b5 axb5 32.Qxb5+ Ke4 33.Qb1 Kd3 
34.Qd1+ Kc3 35.Qe2 Rc7 36.Kf2 Rxc4 37.Kf3 Rc5 38.Kf4 Ra5 39.g4 Rxa2 40.h4 
Ra5 41.g5 Rf5+ 42.Kg4 Nb4 43.h5 Nd5 44.e4 Re5 45.g6 Nf6+ 46.Kh4 hxg6 47.
Qf3+ Kd4 48.hxg6 Rxe4+ 49.Kg5 Ne8 50.Qf8 Re3 51.Qxe8 Rg3+ 52.Kf6 1-0

[Event "N4 Ste Foy-Cahors"]
[Site "Cahors"]
[Date "2006.05.02"]
[Round "5.3"]
[White "Noll, Dominik"]
[Black "Nivat, Alain"]
[Result "1-0"]
[WhiteElo "1699"]
[BlackElo "1886"]
[EventDate "2006.??.??"]
[PlyCount "63"]

1.e4 e5 2.Nf3 Nc6 3.Bb5 Nd4 4.Nxd4 exd4 5.O-O Bc5 6.c3 c6 7.Bc4 d6 8.b4 
Bb6 9.Qb3 Qe7 10.Bb2 dxc3 11.Nxc3 Nf6 12.Rae1 O-O 13.a4 Ng4 14.Nd1 Qh4 15.
h3 Ne5 16.d4 Nxc4 17.Qxc4 Re8 18.Qd3 a5 19.b5 Bd7 20.Nc3 Re6 21.f4 Rg6 22.
f5 Rg3 23.Re3 Rxe3 24.Qxe3 Qf6 25.Rd1 Re8 26.Qd3 d5 27.exd5 Bxf5 28.Qd2 h6
29.bxc6 Bxd4+ 30.Qxd4 Re1+ 31.Kh2 Qd6+ 32.g3 1-0

[Event "N4 Ste Foy-Cahors"]
[Site "Cahors"]
[Date "2006.05.02"]
[Round "5.2"]
[White "Thamier, Stephan"]
[Black "Lacresse, Regis"]
[Result "1-0"]
[WhiteElo "1910"]
[BlackElo "1860"]
[EventDate "2006.??.??"]
[PlyCount "69"]

1.e4 e5 2.Bc4 Nf6 3.d3 Bc5 4.Nf3 Nc6 5.Be3 Bxe3 6.fxe3 d6 7.h3 Na5 8.Nbd2 
c6 9.c3 Qb6 10.b4 Qxe3+ 11.Kf1 Nh5 12.Bxf7+ Kxf7 13.Nxe5+ dxe5 14.Qxh5+ 
Ke6 15.Qg4+ Kd6 16.Qe2 Rf8+ 17.Nf3 Qb6 18.bxa5 Qxa5 19.Qd2 Be6 20.Ke2 Rad8
21.Rhc1 Kc7 22.Qg5 Kd6 23.c4 Qc5 24.Rab1 Rd7 25.Rb2 h6 26.Qg3 Rf4 27.Rd2 
Kc7 28.Qg6 Bg8 29.Qe8 Rxd3 30.Rxd3 Rxe4+ 31.Kd1 Rd4 32.Nxd4 exd4 33.Qxg8 
Qf5 34.Qxg7+ Kb6 35.Rb1+ 1-0

[Event "N4 Ste Foy-Cahors"]
[Site "Cahors"]
[Date "2006.05.02"]
[Round "5.1"]
[White "Vialaret, Laurent"]
[Black "Van Hall, Pieter"]
[Result "1-0"]
[WhiteElo "2083"]
[BlackElo "1890"]
[EventDate "2006.??.??"]
[PlyCount "29"]

1.d4 e6 2.Nc3 Bb4 3.e4 d5 4.exd5 exd5 5.Bd3 Nf6 6.Bg5 O-O 7.Qf3 Bg4 8.Qg3 
Qe8+ 9.Kf1 Bd6 10.Qh4 Nbd7 11.Nxd5 Be2+ 12.Nxe2 h6 13.Bxf6 Nxf6 14.Nxf6+ 
gxf6 15.Qxh6 1-0

[Event "N4 EVT-Castel/Moissac"]
[Site "Villeneuve Tolosane"]
[Date "2006.05.02"]
[Round "5"]
[White "Taïeb, Marcel"]
[Black "Vainguer, Guillaume"]
[Result "0-1"]
[WhiteElo "1670"]
[BlackElo "1780"]
[EventDate "2006.??.??"]
[PlyCount "94"]

1.d4 d5 2.c4 dxc4 3.e4 Nf6 4.Nc3 e6 5.Bg5 Be7 6.Nf3 c6 7.Bxc4 b5 8.Bd3 
Nbd7 9.a3 a5 10.h3 Bb7 11.e5 Nd5 12.Bxe7 Nxc3 13.Bxd8 Nxd1 14.Rxd1 Rxd8 
15.Be4 Nb6 16.Rc1 Nd5 17.O-O h6 18.Bxd5 Rxd5 19.Rc3 Kd7 20.Rd1 Rc8 21.Rc5 
Kc7 22.Rxd5 cxd5 23.Rc1+ Kb6 24.Rxc8 Bxc8 25.Kf1 a4 26.Ke1 b4 27.Kd2 Kb5 
28.Kd3 Ba6 29.Nd2 Ka5+ 30.Ke3 Bc4 31.h4 Kb5 32.g3 bxa3 33.bxa3 Bb3 34.Kd3 
Ba2 35.Kc3 g6 36.f4 Kb6 37.Kb4 Kc6 38.Kxa4 Bc4 39.Nxc4 dxc4 40.Kb4 Kd5 41.
a4 Kxd4 42.a5 c3 43.a6 c2 44.a7 c1=Q 45.Kb5 Qc5+ 46.Ka6 Qc6+ 47.Ka5 Kc4 
0-1

[Event "N4 EVT-Castel/Moissac"]
[Site "Villeneuve Tolosane"]
[Date "2006.05.02"]
[Round "5"]
[White "Saubiette, Jean Michel"]
[Black "Cebollero, Daniel"]
[Result "1-0"]
[WhiteElo "1770"]
[BlackElo "1630"]
[EventDate "2006.??.??"]
[PlyCount "47"]

1.e4 e5 2.Nf3 Nc6 3.d4 exd4 4.Nxd4 Qf6 5.Be3 a6 6.Nc3 Bc5 7.Nd5 Qd6 8.Nf5 
Bb4+ 9.c3 Bxc3+ 10.bxc3 Qe5 11.Bd3 Rb8 12.f4 Qxf5 13.exf5 Kd8 14.Qg4 g6 
15.Qg5+ Nge7 16.Nxe7 Nxe7 17.Bd4 Re8 18.O-O d6 19.Bf6 Kd7 20.Rae1 Nd5 21.
Rxe8 Kxe8 22.Re1+ Kd7 23.fxg6 hxg6 24.Qxd5 1-0

[Event "N4 EVT-Castel/Moissac"]
[Site "Villeneuve Tolosane"]
[Date "2006.05.02"]
[Round "5"]
[White "Sangoï, Jean-Jacques"]
[Black "Saubiette, Cyrille"]
[Result "0-1"]
[WhiteElo "1750"]
[BlackElo "1730"]
[EventDate "2006.??.??"]
[PlyCount "52"]

1.d4 Nf6 2.c4 e5 3.d5 Bc5 4.e3 d6 5.Nc3 O-O 6.Be2 Bf5 7.Nf3 Nbd7 8.O-O h6 
9.a3 a6 10.h3 Qe7 11.b4 Ba7 12.Bb2 Ne4 13.Nxe4 Bxe4 14.Kh2 Bh7 15.Qd2 f5 
16.g3 Nf6 17.Rae1 g5 18.Ng1 Ne4 19.Qc1 f4 20.g4 Nxf2 21.exf4 gxf4 22.Nf3 
Be4 23.Qc3 Be3 24.Bc1 Bxf3 25.Bxf3 Qh4 26.Bxe3 Qg3# 0-1

[Event "N4 EVT-Castel/Moissac"]
[Site "Villeneuve Tolosane"]
[Date "2006.05.02"]
[Round "5"]
[White "Roques, Olivier"]
[Black "Hernandez, Jérémy"]
[Result "0-1"]
[WhiteElo "1400"]
[BlackElo "1600"]
[EventDate "2006.??.??"]
[PlyCount "62"]

1.f4 d5 2.Nf3 Nf6 3.e3 b6 4.d4 Bb7 5.c3 Nbd7 6.Bd3 e6 7.Bd2 c5 8.O-O c4 9.
Be2 Bd6 10.Be1 Qc7 11.Bh4 Ng4 12.Qd2 Ndf6 13.h3 Ne4 14.Qc1 Nxe3 15.Rf2 
Bxf4 16.Ne5 Nxf2 17.Bxf2 Nxg2 18.Qd1 f6 19.Qa4+ Kd8 20.Ng4 h5 21.Kxg2 hxg4
22.Bxg4 f5 23.Bf3 g5 24.Kf1 Rxh3 25.Bg2 Rh6 26.Qb4 Bd6 27.Bg3 f4 28.Bxf4 
gxf4 29.Qa4 f3 30.Bxf3 Qf7 31.Qd1 Rh1+ 0-1

[Event "N4 EVT-Castel/Moissac"]
[Site "Villeneuve Tolosane"]
[Date "2006.05.02"]
[Round "5"]
[White "Rivière, Frédéric"]
[Black "Arioli, Claude"]
[Result "1/2-1/2"]
[WhiteElo "1860"]
[BlackElo "2010"]
[EventDate "2006.??.??"]
[PlyCount "129"]

1.e4 d5 2.exd5 Nf6 3.d4 Nxd5 4.Nf3 g6 5.Bc4 Bg7 6.O-O O-O 7.c3 Nc6 8.Bg5 
h6 9.Bh4 Rb8 10.Re1 Be6 11.Nbd2 b5 12.Bb3 b4 13.Rc1 Na5 14.Bxd5 Qxd5 15.
Bxe7 bxc3 16.bxc3 Rfe8 17.Bb4 Nc4 18.Nxc4 Qxc4 19.a3 Bg4 20.Re3 h5 21.Qd3 
Qxd3 22.Rxd3 Bh6 23.Ra1 Re2 24.Ne5 Bf5 25.Rdd1 f6 26.Nc6 Rbe8 27.d5 Bc2 
28.Rf1 a6 29.Nd4 Rd2 30.Nxc2 Rxc2 31.Rad1 Ree2 32.d6 cxd6 33.Rxd6 Be3 34.
Rxf6 Kg7 35.Rf3 Bb6 36.h4 a5 37.Bf8+ Kg8 38.Bd6 Rcd2 39.Bf4 Rb2 40.Bg3 a4 
41.Rf4 Bc7 42.Rf3 Bb6 43.Rf6 Kg7 44.Rf3 Bc5 45.Rd1 Bxa3 46.Rd7+ Kg8 47.Rf6
Rb1+ 48.Kh2 Be7 49.Rxg6+ Kf8 50.Ra6 a3 51.Rxe7 Kxe7 52.Bd6+ Kd7 53.Rxa3 
Kxd6 54.Ra5 Re5 55.Ra6+ Kd5 56.Ra5+ Ke4 57.f3+ Kf5 58.g4+ Kf4 59.Rxe5 Kxe5
60.Kg3 hxg4 61.fxg4 Rb3 62.h5 Rxc3+ 63.Kh4 Kf4 64.h6 Rg3 65.h7 1/2-1/2

[Event "N4 EVT-Castel/Moissac"]
[Site "Villeneuve Tolosane"]
[Date "2006.05.02"]
[Round "5"]
[White "Cesbron, Guy"]
[Black "Lacroix, Romain"]
[Result "1/2-1/2"]
[WhiteElo "2138"]
[BlackElo "2068"]
[EventDate "2006.??.??"]
[PlyCount "66"]

1.e4 e5 2.Nf3 Nf6 3.Nxe5 d6 4.Nf3 Nxe4 5.d4 d5 6.Bd3 Bd6 7.O-O O-O 8.c4 c6
9.Qc2 Na6 10.a3 Bg4 11.Ne5 Bf5 12.Nc3 Nac5 13.dxc5 Bxe5 14.cxd5 cxd5 15.
Nxe4 dxe4 16.Bxe4 Qh4 17.f4 Bd4+ 18.Kh1 Bxe4 19.Qxe4 Bxc5 20.Bd2 Qe7 21.
Qxe7 Bxe7 22.Bc3 f5 23.Rfe1 Rfe8 24.Rad1 Bf8 25.Rxe8 Rxe8 26.Rd7 Re7 27.
Rd8 Rc7 28.g3 Kf7 29.Be5 Re7 30.Kg2 Re8 31.Rd7+ Re7 32.Rd8 Re8 33.Rd7+ Re7
1/2-1/2

[Event "N4 EVT-Castel/Moissac"]
[Site "Villeneuve Tolosane"]
[Date "2006.05.02"]
[Round "5"]
[White "Catala, Laurent"]
[Black "Garcia del Prado, Bruno"]
[Result "1-0"]
[WhiteElo "1860"]
[BlackElo "1760"]
[EventDate "2006.??.??"]
[PlyCount "157"]

1.e4 Nf6 2.e5 Nd5 3.d4 d6 4.c4 Nb6 5.exd6 exd6 6.Bd3 Nc6 7.Be3 Be7 8.a3 
Bf6 9.Be2 O-O 10.Nf3 Bg4 11.Nbd2 Na5 12.Rc1 Rc8 13.Ne4 Bxf3 14.gxf3 c5 15.
dxc5 dxc5 16.Qxd8 Rfxd8 17.Nxf6+ gxf6 18.Rg1+ Kf8 19.Rg4 Nb3 20.Rc3 Nd4 
21.Bh6+ Ke7 22.Re3+ Kd7 23.Bd3 Re8 24.Rf4 Re6 25.Rxe6 Kxe6 26.Bg7 Rg8 27.
Bxf6 Rg1+ 28.Kd2 Nb3+ 29.Kc3 Nc1 30.Bh4 Na4+ 31.Kc2 Nxd3 32.Kxd3 Nxb2+ 33.
Kc2 Na4 34.Rf6+ Ke5 35.Rxf7 Nb6 36.Bg3+ Ke6 37.Rxb7 Nxc4 38.Rxa7 Ra1 39.a4
Kd5 40.h4 Ra2+ 41.Kc1 Ra1+ 42.Kc2 Ra2+ 43.Kd1 Nb2+ 44.Ke1 Rxa4 45.Rxh7 c4 
46.Rh5+ Ke6 47.Re5+ Kf6 48.Re4 Ra5 49.Kd2 Rb5 50.Kc2 Kf5 51.Re5+ Rxe5 52.
Bxe5 Nd3 53.Bg3 Ne1+ 54.Kc3 Nxf3 55.Kxc4 Nd2+ 56.Kd3 Ne4 57.Ke3 Nf6 58.Kf3
Nh5 59.Bc7 Nf6 60.Bd8 Nh5 61.Ke3 Ke5 62.Bc7+ Kf5 63.Kd4 Kg4 64.Bg3 Kf5 65.
Kd5 Nf6+ 66.Kd6 Kg4 67.Ke6 Nh5 68.Kf7 Kf5 69.Bc7 Nf6 70.Bd8 Ng4 71.f3 Ne5+
72.Kg7 Ng6 73.h5 Nf4 74.h6 Ne6+ 75.Kg8 Nxd8 76.h7 Nc6 77.h8=Q Ne7+ 78.Kf7 
Nd5 79.Qh5+ 1-0

[Event "N4 EVT-Castel/Moissac"]
[Site "Villeneuve Tolosane"]
[Date "2006.05.02"]
[Round "5"]
[White "Alonso, Jésus"]
[Black "Dirat, Sylvain"]
[Result "1/2-1/2"]
[WhiteElo "1840"]
[BlackElo "1750"]
[EventDate "2006.??.??"]
[PlyCount "123"]

1.e4 e5 2.Nf3 Nc6 3.Bc4 Bc5 4.b4 Bb6 5.b5 Na5 6.Bxf7+ Kxf7 7.Nxe5+ Kf8 8.
Qh5 Qf6 9.O-O Bd4 10.Ng4 Qg6 11.Qxg6 hxg6 12.c3 d6 13.Ne3 Be5 14.f4 Bf6 
15.d4 Bd7 16.a4 Nb3 17.Ra2 Nxc1 18.Rxc1 g5 19.Nd5 c6 20.fxg5 cxd5 21.gxf6 
Nxf6 22.exd5 Nxd5 23.Rf2+ Ke8 24.c4 Nf6 25.Re1+ Kd8 26.c5 dxc5 27.dxc5 Re8
28.Rd1 Ne4 29.Rc2 Kc7 30.Na3 Rad8 31.c6 Bg4 32.Re1 Rd1 33.cxb7+ Kxb7 34.
Rc1 Rxc1 35.Rxc1 Rd8 36.Nc4 Rd1+ 37.Rxd1 Bxd1 38.Nb2 Nc3 39.a5 Ba4 40.b6 
axb6 41.axb6 Kxb6 42.h4 Bd7 43.Nc4+ Kc7 44.Kh2 Kd8 45.g3 Ne4 46.Kg2 Ke7 
47.Kf3 Nf6 48.Kf4 Be6 49.Nd2 Nh5+ 50.Kf3 Bd5+ 51.Kg4 Nf6+ 52.Kf4 Ke6 53.g4
Nd7 54.Kg5 Kf7 55.Nf1 Nf6 56.Ne3 Be6 57.h5 Nd5 58.Nc2 Nc3 59.Nd4 Ne4+ 60.
Kh4 Kf6 61.Nf3 g5+ 62.hxg6 1/2-1/2

[Event "N4 Condom2-Loures Barousse"]
[Site "Condom"]
[Date "2006.05.02"]
[Round "5"]
[White "Thet, Sylvain"]
[Black "Pfeifer, Andréas"]
[Result "0-1"]
[WhiteElo "1950"]
[BlackElo "2145"]
[EventDate "2006.??.??"]
[PlyCount "38"]

1.d4 e6 2.c4 Nf6 3.Nc3 Bb4 4.Qc2 O-O 5.a3 Bxc3+ 6.Qxc3 b6 7.Bg5 Bb7 8.Nf3 
d6 9.e3 Nbd7 10.Bd3 h6 11.Bh4 Rc8 12.e4 g5 13.e5 dxe5 14.dxe5 Ne4 15.Qc2 
Ndc5 16.O-O-O gxh4 17.Bxe4 Bxe4 18.Rxd8 Rcxd8 19.Qc3 Rd3 0-1

[Event "N4 Condom2-Loures Barousse"]
[Site "Condom"]
[Date "2006.05.02"]
[Round "5"]
[White "Saunders, Mark"]
[Black "Rauzieres, Guy"]
[Result "1-0"]
[WhiteElo "1699"]
[BlackElo "1780"]
[EventDate "2006.??.??"]
[PlyCount "74"]

1.e4 d5 2.exd5 Nf6 3.Bb5+ Nbd7 4.c4 a6 5.Ba4 b5 6.cxb5 Nxd5 7.Nc3 N5b6 8.
bxa6 Nxa4 9.Qxa4 Bxa6 10.Qc6 Qb8 11.Nf3 Bb7 12.Qb5 Ra6 13.Ne5 c6 14.Nxd7 
cxb5 15.Nxb8 Ra8 16.O-O b4 17.Nb5 Rxb8 18.Re1 e6 19.Nd4 Bc5 20.Nb3 Bb6 21.
d4 Bd5 22.Nc5 Rc8 23.Be3 Bxc5 24.dxc5 Kd7 25.a3 b3 26.Red1 Ra8 27.Rd4 Rhb8
28.Rad1 Kc6 29.Rb4 Rxb4 30.axb4 Ra4 31.Bd2 Ra7 32.Bc3 f6 33.f3 Kb5 34.Kf2 
Kc6 35.Ke3 f5 36.Kf4 g6 37.Kg5 Rf7 1-0

[Event "N4 Condom2-Loures Barousse"]
[Site "Condom"]
[Date "2006.05.02"]
[Round "5"]
[White "Oriot, Patrice"]
[Black "Aspinall, John"]
[Result "1-0"]
[WhiteElo "2150"]
[BlackElo "1900"]
[EventDate "2006.??.??"]
[PlyCount "63"]

1.e4 d6 2.d4 Nf6 3.Bd3 e5 4.c3 c6 5.Nf3 Bg4 6.O-O Nbd7 7.Re1 Be7 8.h3 Bh5 
9.a4 Qc7 10.Nbd2 a5 11.Nf1 O-O 12.Ng3 g6 13.Bh6 Rfe8 14.Nxh5 Nxh5 15.dxe5 
Nxe5 16.Bc2 Bf8 17.Bg5 Be7 18.Bh6 Bf8 19.Bc1 Bg7 20.Bb3 Rf8 21.Be3 Rad8 
22.g4 Nf6 23.Nxe5 dxe5 24.Qf3 Kh8 25.Bc5 Rfe8 26.g5 Nd7 27.Qxf7 Rf8 28.
Bxf8 Rxf8 29.Qc4 Qb6 30.Re2 Nc5 31.Ba2 Rf4 32.Qg8# 1-0